Waiting On A War--Foo Fighters (all lyrics) - Statistics

General Stats
  • This quiz has been taken 14 times
  • The average score is 276 of 314
Answer Stats
Answer % Correct
a
100%
and
100%
be
100%
been
100%
day
100%
for
100%
I
100%
in
100%
Is
100%
I've
100%
Just
100%
just
100%
on
100%
one.
100%
that?
100%
that.
100%
the
100%
there
100%
this
100%
this,
100%
to
100%
waiting
100%
war
100%
war?
100%
war.
100%
with
100%
boy
67%
'Cause
67%
Every
67%
everyone.
67%
go.
67%
got
67%
gun.
67%
little
67%
more
67%
more.
67%
need
67%
Never
67%
since
67%
Since
67%
so
67%
than
67%
There's
67%
toy
67%
was
67%
world
67%
young.
67%
Big
33%
crash
33%
fall.
33%
Fell
33%
left
33%
love
33%
nowhere
33%
number
33%
radio.
33%
really
33%
sky
33%
small.
33%
that's
33%
voice
33%
wanted
33%
Yeah
33%
No matching quizzes found
Score Distribution
Percent of People with Each Score
Percentile by Number Answered
Your Score History
You have not taken this quiz